[Event "Amsterdam Science Park op-A"]
[Site "Amsterdam"]
[Date "2019.07.11"]
[Round "6"]
[White "Smirnova, Ekaterina"]
[Black "Mienis, Dennis"]
[Result "1-0"]
[WhiteElo "2184"]
[BlackElo "1993"]
[PlyCount "105"]
[EventDate "2019.07.06"]
[EventType "swiss"]
[EventRounds "9"]
[EventCountry "NED"]
[SourceTitle "CBM 191 Extra"]
[Source "ChessBase"]
[SourceDate "2019.09.30"]
[SourceVersion "1"]
[SourceVersionDate "2019.09.30"]
[SourceQuality "1"]

1. d4 d5 2. c4 e6 3. Nc3 c5 4. cxd5 exd5 5. dxc5 d4 6. Ne4 Qd5 7. Nd6+ Bxd6 8. cxd6 Qxd6 9. Nf3 Nc6 10. g3 Nf6 11. Bg2 Qb4+ 12. Qd2 Qb6 13. 0-0 0-0 14. e3 Rd8 15. Nxd4 Nxd4 16. exd4 Be6 17. b3 Rxd4 18. Qb2 Rd7 19. Be3 Qa5 20. Rfd1 Rad8 21. Rxd7 Rxd7 22. Rc1 Qd8 23. Qc2 a6 24. h3 Nd5 25. Bd2 Rc7 26. Qb2 Qc8 27. Rxc7 Qxc7 28. Qd4 Qc6 29. Kh2 h6 30. f4 f6 31. a4 b6 32. b4 b5 33. axb5 Qxb5 34. Qe4 Nc7 35. Qc2 Qc4 36. Qxc4 Bxc4 37. g4 Kf7 38. Kg3 g5 39. f5 Nd5 40. Kf3 Ke7 41. Ke4 Kd6 42. Kd4 Bb3 43. Be1 Nf4 44. Bg3 Ba4 45. Bf1 Bc6 46. Bxa6 Bg2 47. Ke3 Bxh3 48. Bxf4+ gxf4+ 49. Kxf4 Bg2 50. Be2 Kd5 51. Bf3+ Bxf3 52. Kxf3 Kc4 53. Kg3 1-0

[Event "Utrecht OKU op 42nd"]
[Site "Utrecht"]
[Date "2015.06.05"]
[Round "1"]
[White "Mienis, Dennis"]
[Black "Both, Bert"]
[Result "0-1"]
[WhiteElo "1804"]
[BlackElo "2166"]
[PlyCount "38"]
[EventDate "2015.06.05"]
[EventType "swiss"]
[EventRounds "6"]
[EventCountry "NED"]
[SourceTitle "CBM 166 Extra"]
[Source "ChessBase"]
[SourceDate "2015.06.18"]
[SourceVersion "1"]
[SourceVersionDate "2015.06.18"]
[SourceQuality "1"]

1. c4 Nf6 2. Nc3 e6 3. e4 d5 4. e5 d4 5. exf6 dxc3 6. bxc3 Qxf6 7. Nf3 e5 8. d4 exd4 9. cxd4 Bb4+ 10. Bd2 Bxd2+ 11. Qxd2 0-0 12. Be2 Bg4 13. 0-0 Re8 14. Rab1 b6 15. Rfe1 Nc6 16. d5 Rad8 17. Nd4 Bxe2 18. Nxc6 Qxc6 19. Rbc1 Qh6 0-1

[Event "Maastricht Limburg op-B 9th"]
[Site "Maastricht"]
[Date "2015.05.25"]
[Round "7"]
[White "Mienis, Dennis"]
[Black "Valstar, Jasper"]
[Result "0-1"]
[WhiteElo "1880"]
[BlackElo "1912"]
[PlyCount "74"]
[EventDate "2015.05.22"]
[EventType "swiss"]
[EventRounds "7"]
[EventCountry "NED"]
[SourceTitle "EXT 2016"]
[Source "ChessBase"]
[SourceDate "2015.10.08"]
[SourceVersion "1"]
[SourceVersionDate "2015.10.08"]
[SourceQuality "1"]

1. c4 Nf6 2. Nc3 d5 3. d4 g6 4. Nf3 Bg7 5. Qb3 dxc4 6. Qxc4 0-0 7. e4 c6 8. Be2 Qa5 9. 0-0 Be6 10. Qd3 Rd8 11. Qc2 Bg4 12. Be3 Bxf3 13. Bxf3 Na6 14. Rfd1 e5 15. dxe5 Rxd1+ 16. Rxd1 Qxe5 17. Qb3 Qe7 18. g3 Ne8 19. Be2 b5 20. Bg4 Nf6 21. Bf3 Rc8 22. Bg2 Nb8 23. f3 a5 24. Qc2 Nbd7 25. Bh3 Re8 26. Qd2 Ne5 27. Qf2 Rd8 28. Rxd8+ Qxd8 29. Bf1 a4 30. Kg2 Qd7 31. Qd2 Qe7 32. a3 Ne8 33. h3 Qe6 34. Qc2 Nc4 35. Bf2 Ned6 36. Bc5 Bf8 37. Bxd6 Ne3+ 0-1